[Event "Asuncion Clasificatorio op 3rd"]
[Site "Asuncion"]
[Date "2016.06.12"]
[Round "7.9"]
[White "Martinez, M Catalino"]
[Black "Pena Aquino, Carlos"]
[Result "1/2-1/2"]
[WhiteElo "1928"]
[BlackElo "1347"]
[PlyCount "47"]
[EventDate "2016.06.10"]
[EventType "swiss"]
[EventRounds "7"]
[EventCountry "PAR"]
[SourceTitle "EXT 2023"]
[Source "ChessBase"]
[SourceDate "2022.10.05"]
[SourceVersion "1"]
[SourceVersionDate "2022.10.05"]
[SourceQuality "1"]

1. d4 Nf6 2. c4 e6 3. Nc3 c5 4. d5 exd5 5. cxd5 d6 6. e4 g6 7. Bf4 a6 8. a4 Bg7 9. Nf3 Nh5 10. Bg5 f6 11. Be3 f5 12. Bg5 Bf6 13. Qd2 0-0 14. Bd3 Re8 15. 0-0 Bxg5 16. Nxg5 f4 17. Ne6 Bxe6 18. dxe6 Nc6 19. Be2 Qg5 20. Bxh5 gxh5 21. Ne2 Rxe6 22. Qxf4 Qxf4 23. Nxf4 Rxe4 24. Nxh5 1/2-1/2

[Event "Dionicio Baez Memorial"]
[Site "Asuncion"]
[Date "2015.11.23"]
[Round "6.6"]
[White "Pena Aquino, Carlos"]
[Black "De la Vega, Ricardo"]
[Result "1-0"]
[WhiteElo "1333"]
[BlackElo "1497"]
[PlyCount "85"]
[EventDate "2015.10.30"]
[EventType "swiss"]
[EventRounds "7"]
[EventCountry "PAR"]
[SourceTitle "EXT 2023"]
[Source "ChessBase"]
[SourceDate "2022.10.05"]
[SourceVersion "1"]
[SourceVersionDate "2022.10.05"]
[SourceQuality "1"]

1. c4 Nf6 2. Nf3 g6 3. b4 Bg7 4. Bb2 0-0 5. e3 d6 6. Be2 b6 7. 0-0 Bb7 8. d3 Nbd7 9. Nbd2 c5 10. a3 Re8 11. Qc2 Rc8 12. Ne4 d5 13. Nxf6+ Nxf6 14. Qa4 dxc4 15. dxc4 Bxf3 16. Rfd1 Qc7 17. Bxf3 e5 18. g3 e4 19. Bg2 cxb4 20. axb4 Qxc4 21. Rac1 Qe2 22. Bxf6 Bxf6 23. Bxe4 Red8 24. Rxc8 Rxc8 25. Qd7 Rd8 26. Qxd8+ Bxd8 27. Rxd8+ Kg7 28. Rd7 Qe1+ 29. Kg2 Qxb4 30. Bd5 Qf8 31. Rxa7 g5 32. Rb7 g4 33. e4 Kg6 34. Rxb6+ f6 35. Be6 Qc5 36. Bf5+ Kg7 37. Rb7+ Kf8 38. Rxh7 Qd4 39. Rh4 Ke7 40. Rxg4 Qd2 41. h4 Kd6 42. Rg6 Ke5 43. h5 1-0

[Event "Dionicio Baez Memorial"]
[Site "Asuncion"]
[Date "2015.11.14"]
[Round "2.6"]
[White "Encina, Alfred"]
[Black "Pena Aquino, Carlos"]
[Result "1-0"]
[WhiteElo "1806"]
[BlackElo "1333"]
[PlyCount "79"]
[EventDate "2015.10.30"]
[EventType "swiss"]
[EventRounds "7"]
[EventCountry "PAR"]
[SourceTitle "EXT 2023"]
[Source "ChessBase"]
[SourceDate "2022.10.05"]
[SourceVersion "1"]
[SourceVersionDate "2022.10.05"]
[SourceQuality "1"]

1. e4 c5 2. Nf3 d6 3. d4 cxd4 4. Nxd4 Nf6 5. Nc3 a6 6. Be2 e5 7. Nf3 Be6 8. 0-0 Be7 9. Kh1 0-0 10. Ng5 Bd7 11. Be3 Bc6 12. Bd3 Nbd7 13. Nd5 Nxd5 14. exd5 Bxg5 15. dxc6 bxc6 16. Qh5 h6 17. f4 Nf6 18. Qf3 exf4 19. Bxf4 Bxf4 20. Qxf4 d5 21. Rf3 Qb6 22. b3 a5 23. Raf1 Rae8 24. Qh4 Ne4 25. Rf4 Re6 26. Bxe4 dxe4 27. Rxe4 Rxe4 28. Qxe4 Qb4 29. Qxc6 Rd8 30. Qc7 Rf8 31. a4 f6 32. h3 Re8 33. Rf5 Qe1+ 34. Kh2 Re5 35. Rxe5 Qxe5+ 36. Qxe5 fxe5 37. Kg3 Kf7 38. Kf3 Ke6 39. Ke4 Kd6 40. c3 1-0

[Event "Dionicio Baez Memorial"]
[Site "Asuncion"]
[Date "2015.11.10"]
[Round "1.5"]
[White "Pena Aquino, Carlos"]
[Black "Ocampos, Martin Carlos"]
[Result "0-1"]
[WhiteElo "1333"]
[BlackElo "1739"]
[PlyCount "90"]
[EventDate "2015.10.30"]
[EventType "swiss"]
[EventRounds "7"]
[EventCountry "PAR"]
[SourceTitle "EXT 2023"]
[Source "ChessBase"]
[SourceDate "2022.10.05"]
[SourceVersion "1"]
[SourceVersionDate "2022.10.05"]
[SourceQuality "1"]

1. d4 Nf6 2. c4 g6 3. Nc3 Bg7 4. e4 d6 5. f3 Nbd7 6. Be3 a6 7. Qd2 h5 8. Bd3 e5 9. d5 Rb8 10. Nh3 Nb6 11. Nf2 Bd7 12. a4 Nc8 13. 0-0 Ne7 14. f4 Ng4 15. Nxg4 hxg4 16. f5 gxf5 17. exf5 Ng8 18. Bg5 Bf6 19. Ne4 Bxg5 20. Nxg5 Rh5 21. Ne4 Nf6 22. Ng3 Rh8 23. Qg5 Rg8 24. Qe3 Ke7 25. Ne4 Nxe4 26. Qxe4 f6 27. Be2 Rg5 28. Bxg4 Qg8 29. h3 Qh7 30. b3 Rbg8 31. Ra2 Qg7 32. Raf2 Rh8 33. Rf3 Rh4 34. Rg3 Qh7 35. Rff3 Be8 36. Qe3 Bd7 37. Qd3 a5 38. Kf2 b6 39. Qe4 Kf8 40. Ke2 Be8 41. Qd3 Bh5 42. Bxh5 e4 43. Qe3 Qxh5 44. Rg4 exf3+ 45. Kxf3 Rhxg4 0-1